000 00543nam a22002057a 4500
003 koha_MIRAKIL
005 20231213100154.0
008 231213b |||||||| |||| 00| 0 ||| d
020 _b978-6-05-516469-0
040 _aTR-IsEVY
_btur
_cTR-IsEVY
082 _a794.1 ÇAP/O
100 _aÇapan, Ozan, 1978-
245 0 _aOyunlarla satranç
250 _a3. bs.
260 _bODTÜ Geliştirme Vakfı,
_c2015
300 _a144 s.
650 _aIntelligence games -- Chess.
650 _aZeka oyunları -- Satranç.
942 _2ddc
_cBK
999 _c15673
_d15673